| 000 | 00968nas a2200301 4500 | ||
|---|---|---|---|
| 001 | BR2012001381 | ||
| 003 | BR-BrBNA | ||
| 005 | 20231205120213.0 | ||
| 007 | ta | ||
| 008 | 230509b bl.|||p| |||| 00| 00por d | ||
| 040 |
_aBR-BrBNA _bpor _cBiblioteca Nacional de Agricultura |
||
| 041 | _a(Pt) | ||
| 072 | _aF08; F04 | ||
| 100 | 1 | _aBatista, K. | |
| 100 | 1 | _aDuarte, A.P. | |
| 100 | 1 | _aCeccon, G. | |
| 100 | 1 | _aMaria, I.C. de | |
| 100 | 1 | _aCantarella, H. | |
| 245 | 1 | _aAcúmulo de matéria seca e de nutrientes em forrageiras consorciadas com milho safrinha em função da adubação nitrogenada | |
| 650 | _aMILHO | ||
| 650 | _aPLANTA FORRAGEIRA | ||
| 650 | _aCONSORCIAÇÃO DE CULTURA | ||
| 650 | _aFERTILIZANTE NITROGENADO | ||
| 650 | _aMATÉRIA SECA | ||
| 773 | 0 |
_tPesquisa Agropecuária Brasileira (Brazil) _xISSN 0100-204X _g(Oct 2011), v. 46(10) p. 1154-1160 _wBR2012001381 |
|
| 909 |
_a202311 _bLúcia _c55 _dLúcia Elande |
||
| 942 |
_2AGRIS _n0 _cANA |
||
| 999 |
_c217430 _d217430 |
||